000 00545nam a2200145Ia 4500
008 100204s9999 xx 000 0 und d
082 _b12114
100 _aतळवलकर सुनिता श्रीकृष्ण
245 _aनेत्री दोन हिरे
260 _b"चिंतामणी साहित्य सहयोग , कुडाळ"
_c1989
300 _a68
630 _aनेत्री दोन हिरे
730 _aनेत्री दोन हिरे
942 _cBOOK
999 _c456547
_d456544